Itinerari de Coll d'Estenalles : coneguem els nostres parcs : guió didàctic / Parc Natural de Sant Llorenç del Munt i l'Obac, [Centre d'Interpretació del Medi Ambient] coneguem els nostres parcs :
MARC
| LEADER | 00000nam a2200000Ia 4500 | ||
|---|---|---|---|
| 001 | 18593 | ||
| 008 | 160829s9999 xx 000 0 cat d | ||
| 080 | |a FU-33-32 | ||
| 100 | |a Parc Natural de Sant Llorenç del Munt i l'Obac | ||
| 245 | |a Itinerari de Coll d'Estenalles : |b coneguem els nostres parcs : |b guió didàctic / Parc Natural de Sant Llorenç del Munt i l'Obac, [Centre d'Interpretació del Medi Ambient] | ||
| 260 | |a Barcelona : |b Diputació de Barcelona. Xarxa de Parcs Naturals, [2007] | ||
| 300 | |a 18 p. : |b il. ; |c 21 cm | ||
| 590 | |a Disponible al web: http://www.diba.cat/parcsn/parcs/plana.asp?parc=0&m=195&s=1018 | ||
| 650 | |a Coll d'Estenalles |x Problemes, exercicis, etc. |9 42251 | ||
| 650 | |a Sant Llorenç del Munt i l'Obac |x Problemes, exercicis, etc. |9 42252 | ||
| 650 | |a Material didàctic |9 22831 | ||
| 700 | |a Centre d'Interpretació del Medi Ambient |9 46321 | ||
| 710 | 1 | |a Barcelona (Catalunya : Província). |b Xarxa de Parcs Naturals |9 7250 | |
| 901 | |a Arxiu | ||
| 942 | |n 1 | ||
| 952 | |0 0 |1 0 |4 0 |6 FU3332 |7 1 |9 50724 |a Arxiu |b Arxiu |d 2016-12-01 |l 0 |o FU-33-32 |p 18593 |r 2016-12-01 00:00:00 |w 2016-12-01 |y ARXIU | ||
| 999 | |c 54566 |d 54566 | ||